书目信息 |
| 题名: |
论儿童教育
|
|
| 作者: | 蒙田 著 ;马振骋 译 | |
| 分册: | ||
| 出版信息: | 上海 上海人民出版社 2016 |
|
| 页数: | 263页 | |
| 开本: | 21cm | |
| 丛书名: | 世界教育名著译丛 | |
| 单 册: | ||
| 中图分类: | G61-53 | |
| 科图分类: | ||
| 主题词: | 儿童教育--er tong jiao yu--文集 | |
| 电子资源: | ||
| ISBN: | 978-7-208-13890-2 | |
| 000 | 01076nam0 22002771 450 | |
| 001 | 387822 | |
| 005 | 20170502165549.0 | |
| 010 | @a978-7-208-13890-2@b精装@dCNY48.00 | |
| 100 | @a20160918d2016 em y0chiy50 ea | |
| 101 | 1 | @achi@cfre |
| 102 | @aCN@b310000 | |
| 105 | @ay z 000yy | |
| 106 | @ar | |
| 200 | 1 | @a论儿童教育@9lun er tong jiao yu@dDe l'institution des enfans@zfre@f(法)米歇尔·德·蒙田(Michel de Montaigne)著@g马振骋译@zfre |
| 210 | @a上海@c上海人民出版社@d2016 | |
| 215 | @a263页@d21cm | |
| 225 | 2 | @a世界教育名著译丛@9shi jie jiao yu ming zhu yi cong |
| 330 | @a本书内容涉及论儿童教育、论学究式教育、论友爱、论交谈艺术、论父子情、论懒散、论撒谎、论荣誉、论自命不凡、论意志的掌控、论阅历等。 | |
| 461 | 0 | @12001 @a世界教育名著译丛 |
| 510 | 1 | @aL'institution des enfans@zfre |
| 606 | 0 | @a儿童教育@9er tong jiao yu@j文集 |
| 690 | @aG61-53@v5 | |
| 701 | 0 | @c(法)@a蒙田@9meng tian@c(Montaigne, Michel Eyquem de@f1533~1592)@4著 |
| 702 | 0 | @a马振骋@9ma zhen cheng@f(1934~)@4译 |
| 801 | 0 | @aCN@b百万庄@c20170308 |
| 905 | @b1004194-9@dG61-53@e410@f6 | |
| 论儿童教育=De l'institution des enfans/(法)米歇尔·德·蒙田(Michel de Montaigne)著/马振骋译.-上海:上海人民出版社,2016 |
| 263页;21cm.-(世界教育名著译丛) |
| ISBN 978-7-208-13890-2(精装):CNY48.00 |
| 本书内容涉及论儿童教育、论学究式教育、论友爱、论交谈艺术、论父子情、论懒散、论撒谎、论荣誉、论自命不凡、论意志的掌控、论阅历等。 |
| ● |
| 相关链接 |
|
|
|
|
正题名:论儿童教育
索取号:G61-53/410
 
预约/预借
| 序号 | 登录号 | 条形码 | 馆藏地/架位号 | 状态 | 备注 |
| 1 | 1004194 | 210041943 | 第一样本阅览室/ [索取号:G61-53/410] | 在馆 | |
| 2 | 1004195 | 210041952 | 教育系资料室/ [索取号:G61-53/410] | 在馆 | |
| 3 | 1004196 | 210041961 | 教育系资料室/ [索取号:G61-53/410] | 在馆 | |
| 4 | 1004197 | 210041970 | 教育系资料室/ [索取号:G61-53/410] | 在馆 | |
| 5 | 1004198 | 210041989 | 第四借阅区/ [索取号:G61-53/410] | 在馆 | |
| 6 | 1004199 | 210041998 | 第四借阅区/ [索取号:G61-53/410] | 在馆 |